Königin der Meere /

محفوظ في:
التفاصيل البيبلوغرافية
المؤلف الرئيسي: Langewiesche, Marianne (autor)
مؤلفون آخرون: Coubier, Heinz (epílogo) (epílogo)
التنسيق: كتاب
اللغة:German
منشور في: Stuttgart, Alemania : Deutsche Verlags-Anstalt, 1984, c1984
الوسوم: إضافة وسم
لا توجد وسوم, كن أول من يضع وسما على هذه التسجيلة!

MARC

LEADER 00000nam^a2200000^a^4500
001 000558930
005 20250526000000.0
009 20260310131832.152
020 |a 3-421-06208-0 
037 |a Acervo ITESO - Biblioteca 
041 |a ALE 
091 |a FHA. 02195 
100 |a Langewiesche, Marianne  |e (autor) 
245 1 0 |a Königin der Meere / 
264 4 |a Stuttgart, Alemania :  |b Deutsche Verlags-Anstalt,  |c 1984, c1984 
300 |a 274 p. ;  |c 21.0 cm. 
336 |a texto  |b txt  |2 rdacontenido 
337 |a sin mediación  |b n  |2 rdamedio 
338 |a volumen  |b nc  |2 rdasoporte 
515 |a Inventario familia Hartung: 2919 
649 |a XX 
700 |a Coubier, Heinz  |e (epílogo) 
910 |a Fondo Horst Hartung Franz 
920 |a Impresos - Libros 
930 |a Libros Antiguos y Raros 
940 |a Literatura 
905 |a 135 
901 |a 0500335504  |b IT2  |c LRA  |i D  |u 20250526 
902 |a https://opac.biblio.iteso.mx/vufind/Record/000558930